Ilhas do Arquipelago dos Açores - Statistics

Estatísticas Gerais
  • Esse quiz foi jogado 183 vezes
  • A pontuação média é 8 de 9
Estatísticas das Respostas
Resposta % Correto
Ilha do Pico
97%
Ilha de São Miguel
96%
Ilha do Corvo
92%
Ilha das Flores
90%
Ilha Terceira
89%
Ilha do Faial
87%
Ilha de Santa Maria
84%
Ilha de São Jorge
84%
Ilha Graciosa
75%
Nenhum quiz correspondente encontrado
Distribuição das Pontuações
Porcentagem de Pessoas com Cada Pontuação
Percentil de Números Respondidos
Sua Pontuação Histórica
Você não jogou esse quiz